Statistiques concernant 50 derniers finalistes NBA

Cliquez ici pour prendre le quiz!

Statistiques générales

  • Ce quiz a été pris 282 fois
  • Le résultat moyen est 32 sur 50

Statistiques - réponses

annéeFinaliste% Correct
2023Miami heat
94%
2020Miami Heat
94%
2014Miami Heat
94%
2011Miami Heat
94%
1985Boston Celtics
93%
1987Boston Celtics
93%
2022Boston Celtics
93%
2010Boston Celtics
93%
2008Los angeles lakers
93%
1983Los Angeles Lakers
93%
1984Los Angeles Lakers
93%
1989Los Angeles Lakers
93%
1991Los Angeles Lakers
93%
2004Los angeles Lakers
93%
1973Los Angeles Lakers
93%
2013San antonio Spurs
87%
2019Golden state Warriors
86%
2016Golden state Warriors
86%
2015Cleveland Cavaliers
84%
2018Cleveland Cavaliers
84%
2017Cleveland Cavaliers
84%
2007Cleveland Cavaliers
84%
1993Phoenix Suns
79%
1976Phoenix Suns
79%
2021Phoenix suns
79%
2005Detroit Pistons
69%
2006Dallas Mavericks
64%
1998Utah Jazz
62%
1997Utah Jazz
62%
1994New York Knicks
60%
1999New York Knicks
60%
2009Orlando Magic
57%
1986Houston Rockets
54%
1974Milwaukee Bucks
51%
2000Indiana Pacers
41%
1992Portland Trail Blazers
41%
1990Portland Trail Blazers
41%
2003new Jersey Nets
35%
2002new Jersey Nets
35%
2001Philadelphia Sixers
29%
1982Philadelphia Sixers
29%
1980Philadelphia Sixers
29%
1977Philadelphia Sixers
29%
2012Oklahoma Thunder
28%
1981Washington Bullets
17%
1979Washington Bullets
17%
1975Washington Bullets
17%
1978Seattle Sonics
16%
1996Seattle Sonics
16%
1995Magic d'Orlando
6%

Distribution des résultats

Percentile par nombre de réponses

% des personnes avec chaque résultat

Votre développement - résultats

Vous n’avez pas pris ce quiz